Vocabulary : Applied linguistic perspectives

Αποθηκεύτηκε σε:
Λεπτομέρειες βιβλιογραφικής εγγραφής
Κύριος συγγραφέας: RONALD CARTER
Μορφή: Βιβλίο
Γλώσσα:Undetermined
Έκδοση: Routledge 1998
Ετικέτες: Προσθήκη ετικέτας
Δεν υπάρχουν, Καταχωρήστε ετικέτα πρώτοι!
Thư viện lưu trữ: Trung tâm Học liệu Trường Đại học Cần Thơ
LEADER 00411nam a2200157Ia 4500
001 CTU_49496
008 210402s9999 xx 000 0 und d
082 |a 418.1 
082 |b C325 
100 |a RONALD CARTER 
245 0 |a Vocabulary : 
245 0 |b Applied linguistic perspectives 
245 0 |c RONALD CARTER 
260 |b Routledge 
260 |c 1998 
980 |a Trung tâm Học liệu Trường Đại học Cần Thơ